000 nam a22 a 4500
999 _c155612
_d155612
003 BLK
005 20221213191429.0
008 180410b bul|||||r ||||||| ||bul||
010 _aKNG00162292000
040 _aBLK
041 _aBUL
_cBUL
080 _aСоциално поведение. Девиантно поведение. Социална патология. Активност и пасивност, конвенционално поведение, мотивация, потребности, стремежи
_b316.62
_z316.62
080 _aОбщество (в цялост). Обществото като система. - Обществено развитие в цялост. Социология на отделните обществени системи
_b316.32
_z316.32
100 1 _aВасилева, Милка Данева
_eпърви автор
_9242550
139 _aСоциалният контрол и поведението на личността
_bС 54
245 1 0 _aСоциалният контрол и поведението на личността
_bМоногр.
_cМилка Данева Василева; ред. Васил Костадинов Проданов
257 _aBGR
260 _aСофия
_bПартиздат
_c1981
_fВ. Търново : Д. Найденов
300 _a343 с.
_c20 см
380 _a3
500 _aДруги авт.: В. Вичев, Л. Десев, Ст. Ефремов, М. Лазаров, Б. Мизов, М. Мизов, К. Михайлов, В. Момов, В. Проданов, Ст. Наумова, Н. Пехливанова, К. Рамчев, М. Славчева, В. Тасев, Ст. Христова, Е. Чернокожева, отбелязани на гърба на загл. с. ; Други ред.: Д. Георгиев, В. Вичев, В. Момов ; Авт. К. Н. Михайлов е известен като Кирил Нешев, а авт. Колю Рамчев - като Кольо Радев Рамчев 1 215 тир. - Библиогр. под линия.
700 1 _aПроданов, Васил Костадинов
_eред.
_9366217
852 _aЦб 107280
_bЦб
856 4 _qpdf
_i0.00
_ldisable
942 _cKNG
_n0
_03
_s1
944 _aCR
_c19.06.2014
_l19.06.2014 - от С1,Р / 19.06.2014
_kЛюбка_Николова
944 _aED
_c19.06.2014
_l19.06.2014 - от С1,Р / 19.06.2014